तीर्थाटन प्रदीपिका (Record no. 1069250)

MARC details
000 -LEADER
fixed length control field 01247nam a2200313 a 4500
001 - CONTROL NUMBER
control field vtls001618275
003 - CONTROL NUMBER IDENTIFIER
control field NLI
005 - DATE AND TIME OF LATEST TRANSACTION
control field 20210628133927.0
008 - FIXED-LENGTH DATA ELEMENTS--GENERAL INFORMATION
fixed length control field 121214s1909 ii a 000 0 hin
039 #9 - LEVEL OF BIBLIOGRAPHIC CONTROL AND CODING DETAIL [OBSOLETE]
-- 201212141928
-- VLOAD
040 ## - CATALOGING SOURCE
Original cataloging agency NLI
Language of cataloging hineng
Transcribing agency Datasoft_Hindi
Description conventions AACR2
041 0# - LANGUAGE CODE
Language code of text/sound track or separate title hin
044 ## - COUNTRY OF PUBLISHING/PRODUCING ENTITY CODE
MARC country code ii
084 04 - OTHER CLASSIFICATION NUMBER
Classification number 181
245 00 - TITLE STATEMENT
Linkage 880-02
Title तीर्थाटन प्रदीपिका
260 ## - PUBLICATION, DISTRIBUTION, ETC.
Place of publication, distribution, etc. लखनऊ :
Name of publisher, distributor, etc. अवध रुहेलखण्ड रेलूवे यन्त्रालय,
Date of publication, distribution, etc. 1909
300 ## - PHYSICAL DESCRIPTION
Extent 331 p. :
Other physical details ill. ;
Dimensions 18 cm.
650 #0 - SUBJECT ADDED ENTRY--TOPICAL TERM
Topical term or geographic name entry element Pilgrims and pilgrimages
Geographic subdivision India
9 (RLIN) 748763
650 #0 - SUBJECT ADDED ENTRY--TOPICAL TERM
Topical term or geographic name entry element Description and travels
9 (RLIN) 699100
710 2# - ADDED ENTRY--CORPORATE NAME
Linkage 880-07
Corporate name or jurisdiction name as entry element अवध रुहेलखण्ड रेलूवे यन्त्रालय, लखनऊ (इंडिया)
9 (RLIN) 1075295
880 00 - ALTERNATE GRAPHIC REPRESENTATION
Linkage 245-02(B
a Tīrthāṭana Pradīpikā
880 ## - ALTERNATE GRAPHIC REPRESENTATION
Linkage 710-07(B
a Avadha Rūhelakhaṇḍa Railway Yantrālaya, Lakhanaū (India)
887 ## - NON-MARC INFORMATION FIELD
Content of non-MARC field Abrar Ahmed 01.03.12 (Mita 05.03.2012)
901 ## - LOCAL DATA ELEMENT A, LDA (RLIN)
a OHI182D
b 13.04.1915
902 ## - LOCAL DATA ELEMENT B, LDB (RLIN)
a 181 Cc 90.2 b
904 ## - LOCAL DATA ELEMENT D, LDD (RLIN)
c Abrar Ahmed 01.03.12 (Mita 05.03.2012)
l O 15
949 ## - LOCAL PROCESSING INFORMATION (OCLC)
-- VIRTUAITEM
-- 10000
-- 100
6 OHI00000182DHIN
942 ## - ADDED ENTRY ELEMENTS (KOHA)
Source of classification or shelving scheme Dewey Decimal Classification
Koha item type Books
Holdings
Withdrawn status Lost status Damaged status Not for loan Home library Current library Date acquired Total Checkouts Full call number Barcode Date last seen Price effective from Koha item type
        National Library of India National Library of India     181 Cc 90.2 b OHI00000182DHIN 28/06/2021 28/06/2021 Books
                                                                           
web counter

Copyright ©2020 The National Library of India, Govt. of India ↔ Hosted by NVLI, MOC ↔ Technology and Design by National Library of India, Ministry of Culture, Govt. of India